موقف الشريعة الاسلامية من الاجهاض وموانع الحمل /
Saved in:
| 主要作者: | |
|---|---|
| 其他作者: | |
| 格式: | Thesis |
| 语言: | Arabic |
| 出版: |
Makkah al-Mukarramah:
Jami'at Umm al-Qura,
1988
|
| 主题: | |
| 标签: |
添加标签
没有标签, 成为第一个标记此记录!
|
| LEADER | 016450000a22003250004500 | ||
|---|---|---|---|
| 008 | 100907s1988 su f00 0000 00ara d | ||
| 040 | |a UIAM |b eng | ||
| 041 | |a ara | ||
| 050 | 0 | 4 | |a BP158.4.H513 |
| 100 | 1 | |a بوعد لاوي، مسعودة حسين |9 91470 | |
| 242 | 1 | 0 | |a Mawqif al-shari'ah al-Islamiyah min al-ijhad wa-mawani' al-haml |
| 245 | 1 | 0 | |a موقف الشريعة الاسلامية من الاجهاض وموانع الحمل / |c اعداد مسعودة حسين بوعد لاوي |
| 260 | |a Makkah al-Mukarramah: |b Jami'at Umm al-Qura, |c 1988 | ||
| 300 | |a 328 leaves ; |c 30 cm. | ||
| 336 | |2 rdacontent | ||
| 337 | |2 rdamedia | ||
| 338 | |2 rdacarrier | ||
| 500 | |a "رسالة مقدمة لنيل درجة الماجستير "On t.p. | ||
| 502 | |a Thesis (M.A.)--Jami'at Umm al-Qura, 1988 | ||
| 504 | |a Includes bibliographical references (leaves 292-319). | ||
| 650 | |a Abortion (Islamic law) |9 88315 | ||
| 650 | |a Birth control |x Religious aspects Islam |9 70634 | ||
| 655 | |a Theses, Facsimile edition (Islamic) | ||
| 700 | |a Bu'adlawi, Mas'udah Husayn |9 91471 | ||
| 710 | |a Jami'at Umm al-Qura. |b Kulliyat al-Shari'ah wa al-Dirasat al-Islamiyah. Qism al-Dirasat al-'Ulya al-Shar'iyah |9 88215 | ||
| 710 | |a جامعة أم القرى. |b كلية الشريعة والدراسات الاسلامية. قسم الدراسات العليا الشرعية |9 88216 | ||
| 900 | |a sz-ami | ||
| 942 | |2 lcc |n 0 | ||
| 999 | |c 434027 |d 465157 | ||
| 952 | |0 0 |6 TI BP 000158.000004 H000513 B000917M 001988 |7 0 |8 THESES |9 752552 |a IIUM |b IIUM |c MULTIMEDIA |g 337.50 |o ti BP 158.4 H513 B917M 1988 |p 00011147705 |r 2017-10-23 |t 1 |v 337.50 |y THESIS | ||
